| 000 | 00491nam a2200181Ia 4500 | ||
|---|---|---|---|
| 003 | GCL | ||
| 008 | 140319s9999 xx 000 0 eng d | ||
| 040 |
_aGCL / _cGCL |
||
| 082 | 0 | 4 |
_a823.0108 _bC O |
| 100 | 1 | _aCRAIG, PATRICIA | |
| 245 | 1 | 0 |
_aTHE OXFORD BOOK OF MODERN WOMEN'S STORIES / _cCRAIG, PATRICIA |
| 260 |
_a[S.N] : _bOXFORD UNIVERSITY PRESS ، _c1994 |
||
| 300 | _a522 P | ||
| 650 | 0 | 4 | _aWOMEN AUTHORS |
| 650 | 0 | 4 | _aSHORT STORIES |
| 650 | 0 | 4 | _aAMERICAN FICTION |
| 942 |
_2ddc _cBK |
||
| 999 |
_c24418 _d24418 |
||